Human conscience and Muslim-Christian relations : (Record no. 2787)
[ view plain ]
| 000 -LEADER | |
|---|---|
| fixed length control field | 01033nac a22002531u 4500 |
| 010 ## - LIBRARY OF CONGRESS CONTROL NUMBER | |
| LC control number | 013375220 |
| 020 ## - INTERNATIONAL STANDARD BOOK NUMBER | |
| International Standard Book Number | 0415385660 (hbk.) |
| 028 ## - PUBLISHER NUMBER | |
| Source | www.bl.uk |
| 082 ## - DEWEY DECIMAL CLASSIFICATION NUMBER | |
| Classification number | 261.270 |
| Item number | L5346 |
| 090 ## - LOCALLY ASSIGNED LC-TYPE CALL NUMBER (OCLC); LOCAL CALL NUMBER (OCLC) | |
| -- | 2787 |
| -- | 2787 |
| 100 ## - MAIN ENTRY--PERSONAL NAME | |
| Personal name | Leirvik, Oddbjørn. |
| 245 ## - TITLE STATEMENT | |
| Title | Human conscience and Muslim-Christian relations : |
| Remainder of title | modern Egyptian thinkers on al-& |
| -- | 299;r / |
| -- | 7693;am& |
| Statement of responsibility, etc | Oddbjørn Leirvik. |
| 260 ## - PUBLICATION, DISTRIBUTION, ETC. (IMPRINT) | |
| Place of publication, distribution, etc | London : |
| Name of publisher, distributor, etc | Routledge,2006 |
| Date of publication, distribution, etc | 2006. |
| 300 ## - PHYSICAL DESCRIPTION | |
| Extent | viii, |
| Dimensions | 310 p. |
| 490 ## - Series Statement | |
| Series statement | ( Routledge Islamic studies) |
| 500 ## - GENERAL NOTE | |
| General note | Formerly CIP. Uk |
| 650 ## - SUBJECT ADDED ENTRY--TOPICAL TERM | |
| Topical term or geographic name as entry element | Conscience -- Religious aspects -- Christianity. |
| 650 ## - SUBJECT ADDED ENTRY--TOPICAL TERM | |
| Topical term or geographic name as entry element | Conscience -- Religious aspects -- Islam. |
| 650 ## - SUBJECT ADDED ENTRY--TOPICAL TERM | |
| Topical term or geographic name as entry element | Islam -- Relations -- Christianity. |
| 650 ## - SUBJECT ADDED ENTRY--TOPICAL TERM | |
| Topical term or geographic name as entry element | Christianity and other religions -- Islam. |
| 650 ## - SUBJECT ADDED ENTRY--TOPICAL TERM | |
| Topical term or geographic name as entry element | Christianity and other religions -- Egypt. |
| 942 ## - ADDED ENTRY ELEMENTS (KOHA) | |
| Item type | Book - Borrowing |
| Call number prefix | 261.270L5346 |
| Withdrawn status | Item status | Damaged status | Not for loan | Home library | Current library | Shelving location | Date acquired | Source of acquisition | Total Checkouts | Full call number | Barcode | Checked out | Date last seen | Date last borrowed | Koha item type |
|---|---|---|---|---|---|---|---|---|---|---|---|---|---|---|---|
| Central Library | Central Library | Lower Floor | 10/04/2007 | Purchase | 1 | 261.270 LEI | 000001301 | 05/05/2009 | 23/09/2008 | 23/09/2008 | Book - Borrowing |